000 00208 a2200097 4500
001 2914
100 _aMathews, S
245 _aExcel 4 for window made easy
260 _a
_bMGraw Hill
_c
090 _c2207
_d2207
942 _aNUST-CAE
_cM
_c13414
999 _c237987
_d237987